Introducción a la psicología pedagógica
Sparad:
| Huvudupphovsman: | |
|---|---|
| Materialtyp: | Bok |
| Språk: | spanska |
| Publicerad: |
Barcelona
Herder
1970
|
| Ämnen: | |
| Taggar: |
Lägg till en tagg
Inga taggar, Lägg till första taggen!
|
MARC
| LEADER | 00000nam a2200000 a 4500 | ||
|---|---|---|---|
| 001 | UCW7010 | ||
| 003 | CL-VaPUC | ||
| 008 | 920811e19700000SP |||||||||||||||||spa|d | ||
| 082 | 0 | 4 | |a 370.15 |b COR |2 21 |
| 100 | 0 | |a Correll, Werner |e author |9 312109 | |
| 245 | 1 | 0 | |a Introducción a la psicología pedagógica |
| 300 | |a 326 p | ||
| 942 | |c BK | ||
| 945 | |d 19920811 00:00:00 | ||
| 260 | |a Barcelona |b Herder |c 1970 | ||
| 650 | 0 | |a Psicología del aprendizaje |9 306854 | |
| 583 | |a last modification |c 19920811 00:00:00 |k Rodrigo Vera | ||
| 999 | |c 219900 |d 219898 | ||
| 952 | |0 0 |1 0 |4 0 |6 370_150000000000000_COR_1970 |7 0 |8 P |9 211410 |a BIBEDU |b BIBEDU |c BIBEDU_PB |d 2019-11-15 |i 2795949 |o 370.15 COR 1970 |p 2795949 |r 2024-01-25 |w 2019-11-15 |y BK |k EDU | ||
| 952 | |0 0 |1 0 |4 0 |6 370_150000000000000_COR_1970 |7 0 |8 P |9 211411 |a BIBEDU |b BIBEDU |c BIBEDU_PB |d 2019-11-15 |i 2795957 |o 370.15 COR 1970 |p 2795957 |r 2024-01-25 |w 2019-11-15 |y BK |k EDU | ||